[Event "Excelsior June op"]
[Site "Toronto CAN"]
[Date "2023.06.23"]
[Round "1.3"]
[White "Sambuev, Bator"]
[Black "Lu, Tony"]
[Result "1-0"]
[WhiteElo "2532"]
[BlackElo "1999"]
[PlyCount "99"]
[EventDate "2023.06.23"]
[EventType "swiss"]
[EventRounds "5"]
[EventCountry "CAN"]

1. d4 e6 2. c4 d5 3. Nc3 c6 4. Nf3 dxc4 5. g3 Nd7 6. Bg2 b5 7. O-O Ngf6 8. Ng5
Qb6 9. e4 h6 10. Nh3 Bb7 11. b3 Bb4 12. Ne2 cxb3 13. Qxb3 Be7 14. a4 b4 15. Be3
c5 16. Nhf4 Bxe4 17. a5 Qa6 18. dxc5 Bxg2 19. Kxg2 Qb7+ 20. f3 Nxc5 21. Bxc5
Bxc5 22. Nxe6 fxe6 23. Qxe6+ Qe7 24. Qc4 Rd8 25. Nf4 Rd4 26. Qb5+ Kf7 27. Rfe1
Qd6 28. Rac1 Rb8 29. Qxc5 Qxc5 30. Rxc5 b3 31. Rb1 Rd2+ 32. Kh3 g5 33. Rc7+ Nd7
34. Ng2 Ke6 35. Ne3 Ne5 36. Rxa7 Nxf3 37. Ra6+ Kd7 38. Kg4 Nxh2+ 39. Kh5 Rd3
40. Nc4 Rxg3 41. Rd1+ Ke7 42. Ne5 Rb7 43. Kg6 Rc3 44. Nc6+ Rxc6+ 45. Rxc6 Nf3
46. Rb6 Ra7 47. a6 Ne5+ 48. Kf5 Nd7 49. Rxh6 Nf8 50. Rb1 1-0

[Event "Excelsior June op"]
[Site "Toronto CAN"]
[Date "2023.06.23"]
[Round "1.4"]
[White "D'Agostino, Santo"]
[Black "Mao, Fengxi"]
[Result "0-1"]
[WhiteElo "1992"]
[BlackElo "2280"]
[PlyCount "43"]
[EventDate "2023.06.23"]
[EventType "swiss"]
[EventRounds "5"]
[EventCountry "CAN"]

1. e4 c5 2. Nf3 d6 3. d4 cxd4 4. Nxd4 Nf6 5. Nc3 a6 6. f4 e5 7. Nf3 Nbd7 8. Bc4
Be7 9. Qe2 O-O 10. a4 exf4 11. Bxf4 Qb6 12. Bb3 Nc5 13. Be3 Qa5 14. O-O Nxb3
15. cxb3 Bg4 16. Qd3 Rfe8 17. Nd4 d5 18. e5 Nd7 19. Nf5 Bc5 20. Qxd5 Re7 21. e6
Rxe6 22. Nh6+ 0-1

[Event "Excelsior June op"]
[Site "Toronto CAN"]
[Date "2023.06.23"]
[Round "1.5"]
[White "Derraugh, Geordie"]
[Black "Ferreira, Alex"]
[Result "1-0"]
[WhiteElo "2275"]
[BlackElo "1988"]
[PlyCount "67"]
[EventDate "2023.06.23"]
[EventType "swiss"]
[EventRounds "5"]
[EventCountry "CAN"]

1. e4 e5 2. Bc4 Nf6 3. d3 Nc6 4. Nc3 Bb4 5. Nge2 O-O 6. Bg5 d6 7. a3 Bxc3+ 8.
Nxc3 h6 9. Bh4 g5 10. Bg3 Nd4 11. Qd2 Kg7 12. h4 g4 13. h5 Nh7 14. Bh4 Ng5 15.
O-O-O c6 16. Rdf1 b5 17. Ba2 Qf6 18. Nd1 Qf4 19. Ne3 Be6 20. Bxe6 fxe6 21. Bg3
Qf7 22. Nxg4 c5 23. Qe3 a5 24. Nxe5 dxe5 25. Bxe5+ Kg8 26. f4 Nc6 27. Bc3 b4
28. fxg5 Qxf1+ 29. Rxf1 Rxf1+ 30. Be1 Raf8 31. gxh6 Nd4 32. Kd2 Rh1 33. Qg5+
Kf7 34. Bh4 1-0

[Event "Excelsior June op"]
[Site "Toronto CAN"]
[Date "2023.06.23"]
[Round "1.6"]
[White "Zhao, Jifan"]
[Black "Henry, Liam"]
[Result "1-0"]
[WhiteElo "1974"]
[BlackElo "2221"]
[PlyCount "105"]
[EventDate "2023.06.23"]
[EventType "swiss"]
[EventRounds "5"]
[EventCountry "CAN"]

1. e4 c5 2. Nf3 d6 3. Bb5+ Bd7 4. Bxd7+ Qxd7 5. O-O Nf6 6. Qe2 Nc6 7. c3 e6 8.
Rd1 Be7 9. d4 cxd4 10. Nxd4 O-O 11. c4 a6 12. Nc3 Rac8 13. b3 b5 14. Nf3 Qb7
15. cxb5 axb5 16. Bb2 b4 17. Na4 d5 18. exd5 Nxd5 19. Rac1 Rfd8 20. g3 Bf6 21.
Bxf6 Nxf6 22. Rxd8+ Nxd8 23. Rxc8 Qxc8 24. Qd2 Nd5 25. Ne5 Qc7 26. Nc4 Nc6 27.
Qd3 h6 28. Qe4 Nf6 29. Qd3 Nd5 30. Qe4 Qd7 31. Qd3 Qe7 32. Nab6 Nxb6 33. Nxb6
Qc5 34. Nc4 Nd4 35. Qe4 f5 36. Qe3 Qd5 37. Nd2 Nc2 38. Qe2 Nd4 39. Qd3 Kf7 40.
f4 g5 41. Kf2 gxf4 42. gxf4 Qc5 43. Qe3 Qc3 44. Nc4 Qc2+ 45. Kg3 Ne2+ 46. Kh3
Nc3 47. Qa7+ Kg8 48. Qb8+ Kg7 49. Qc7+ Kg8 50. Qd8+ Kh7 51. Qe7+ Kh8 52. Qf8+
Kh7 53. Qf7+ 1-0

[Event "Excelsior June op"]
[Site "Toronto CAN"]
[Date "2023.06.23"]
[Round "1.9"]
[White "Loadman, Ian"]
[Black "Joseph, Jonath"]
[Result "1/2-1/2"]
[WhiteElo "2152"]
[BlackElo "1939"]
[PlyCount "53"]
[EventDate "2023.06.23"]
[EventType "swiss"]
[EventRounds "5"]
[EventCountry "CAN"]

1. e4 e5 2. Nf3 Nc6 3. Bb5 a6 4. Ba4 d6 5. Nc3 Bd7 6. Bxc6 Bxc6 7. d4 Nf6 8.
Qe2 exd4 9. Nxd4 Bd7 10. Bg5 Be7 11. O-O-O O-O 12. h4 Re8 13. e5 Ng4 14. f4 Qc8
15. e6 fxe6 16. Qxg4 e5 17. Qg3 exd4 18. Nd5 Bxg5 19. hxg5 Bg4 20. Rxd4 Qd7 21.
Re1 Rxe1+ 22. Qxe1 Re8 23. Re4 Rxe4 24. Qxe4 Be6 25. f5 Bxd5 26. Qxd5+ Qf7 27.
Qe5 1/2-1/2

[Event "Excelsior June op"]
[Site "Toronto CAN"]
[Date "2023.06.23"]
[Round "1.10"]
[White "Singh Dhaliwal, Jaipreet"]
[Black "Laughlin, Braden"]
[Result "1-0"]
[WhiteElo "1936"]
[BlackElo "2117"]
[PlyCount "95"]
[EventDate "2023.06.23"]
[EventType "swiss"]
[EventRounds "5"]
[EventCountry "CAN"]

1. e4 c5 2. Nf3 d6 3. d4 cxd4 4. Nxd4 Nf6 5. Nc3 Nc6 6. Be2 g6 7. Be3 Bg7 8. f3
O-O 9. Qd2 a6 10. O-O-O Nxd4 11. Bxd4 Be6 12. Kb1 b5 13. g4 Bc4 14. h4 e5 15.
Be3 d5 16. exd5 Bxe2 17. Nxe2 e4 18. Ng3 exf3 19. g5 Ng4 20. Bd4 Qxd5 21. Qf4
Ne5 22. Ne4 f5 23. gxf6 Rae8 24. Bxe5 Qxe5 25. Qxe5 Rxe5 26. fxg7 Rf4 27. Nf2
Re2 28. Nd3 Rc4 29. c3 f2 30. Rdf1 Rd2 31. Rh3 Re4 32. Nxf2 Rf4 33. Rh2 h6 34.
Kc1 Re2 35. Rg2 Kxg7 36. Nd1 Rxf1 37. Rxe2 Rh1 38. Re4 Kf6 39. Kd2 Kf5 40. Rd4
Ke5 41. Rg4 Kf5 42. Ne3+ Kf6 43. Kd3 Rh2 44. Rf4+ Ke5 45. Re4+ Kd6 46. Rg4 g5
47. hxg5 h5 48. g6 1-0

[Event "Excelsior June op"]
[Site "Toronto CAN"]
[Date "2023.06.23"]
[Round "1.11"]
[White "Arabacioglu, Murat"]
[Black "Zhu, Charis"]
[Result "1-0"]
[WhiteElo "2102"]
[BlackElo "1906"]
[PlyCount "93"]
[EventDate "2023.06.23"]
[EventType "swiss"]
[EventRounds "5"]
[EventCountry "CAN"]

1. c4 c5 2. g3 Nf6 3. Bg2 g6 4. Nc3 Bg7 5. e4 e5 6. d3 Nc6 7. Nge2 d6 8. O-O
O-O 9. Rb1 Bd7 10. h3 Nd4 11. Be3 Rb8 12. a3 b6 13. b4 Bc6 14. f4 Qd7 15. b5
Bb7 16. fxe5 dxe5 17. Nd5 Bxd5 18. exd5 Ne8 19. Nxd4 exd4 20. Bf4 Nd6 21. Qf3
Rbe8 22. Rbe1 h6 23. Rxe8 Nxe8 24. g4 f5 25. gxf5 Rxf5 26. Qg4 Qf7 27. d6 Nf6
28. Qe2 Nh5 29. Bh2 Rxf1+ 30. Qxf1 Qe8 31. Bd5+ Kh7 32. Bc6 Qe3+ 33. Kh1 Be5
34. Qf7+ Ng7 35. Bxe5 Qxe5 36. Qe7 Qe6 37. Bd7 Qg8 38. Bg4 Qa8+ 39. Kg1 h5 40.
Be6 Qf3 41. Bd5 Qg3+ 42. Bg2 Qe3+ 43. Qxe3 dxe3 44. Bd5 e2 45. Kf2 Nf5 46. d7
Ne3 47. d8=Q 1-0

[Event "Excelsior June op"]
[Site "Toronto CAN"]
[Date "2023.06.24"]
[Round "2.1"]
[White "Almeida Quintana, Omar"]
[Black "Derraugh, Geordie"]
[Result "1-0"]
[WhiteElo "2636"]
[BlackElo "2275"]
[PlyCount "109"]
[EventDate "2023.06.23"]
[EventType "swiss"]
[EventRounds "5"]
[EventCountry "CAN"]

1. d4 Nf6 2. Nf3 e6 3. c4 Bb4+ 4. Bd2 a5 5. g3 O-O 6. Bg2 d5 7. a3 Be7 8. Qc2
c6 9. Bg5 Nbd7 10. Nbd2 a4 11. O-O h6 12. Bxf6 Bxf6 13. e4 g6 14. e5 Bg7 15.
Rfe1 b6 16. cxd5 cxd5 17. Bf1 Ba6 18. Bxa6 Rxa6 19. Qd3 Ra7 20. Rac1 Qb8 21.
Rc6 b5 22. Rec1 Rd8 23. h4 Rb7 24. R1c2 Rb6 25. Qc3 Bf8 26. Nf1 Rxc6 27. Qxc6
Qb6 28. Qc3 b4 29. axb4 Qxb4 30. Qe3 Nb6 31. N1h2 Nc4 32. Qc1 Rb8 33. Ng4 a3
34. bxa3 Qb1 35. a4 Qxc1+ 36. Rxc1 Rb3 37. Kg2 Ra3 38. h5 g5 39. Nfh2 Rxa4 40.
Rb1 Nd2 41. Rb8 Kg7 42. Nxh6 Kxh6 43. Rxf8 Kg7 44. Rd8 Rxd4 45. Kh3 Ne4 46. Ng4
Rd2 47. Kg2 Rd4 48. h6+ Kh7 49. Rf8 f5 50. exf6 Nd6 51. Ne5 Re4 52. f7 Nxf7 53.
Nxf7 Ra4 54. Rh8+ Kg6 55. Rg8+ 1-0

[Event "Excelsior June op"]
[Site "Toronto CAN"]
[Date "2023.06.24"]
[Round "2.3"]
[White "Rozentalis, Eduardas"]
[Black "Arabacioglu, Murat"]
[Result "1-0"]
[WhiteElo "2602"]
[BlackElo "2102"]
[PlyCount "91"]
[EventDate "2023.06.23"]
[EventType "swiss"]
[EventRounds "5"]
[EventCountry "CAN"]

1. e4 c5 2. Nf3 d6 3. d4 cxd4 4. Qxd4 Nc6 5. Bb5 Bd7 6. Bxc6 Bxc6 7. Nc3 Nf6 8.
Bg5 e5 9. Qd3 Be7 10. Bxf6 Bxf6 11. Rd1 Be7 12. O-O O-O 13. Nd5 Kh8 14. Rfe1
Bxd5 15. Qxd5 Qc7 16. c4 f5 17. exf5 Rxf5 18. Nd2 Raf8 19. Ne4 Qb6 20. Re2 Rf4
21. b3 h6 22. Rdd2 Rd8 23. Qe6 Qc7 24. Nc3 Rf6 25. Qh3 Qc8 26. Qxc8 Rxc8 27. g3
Rf7 28. Nb5 a6 29. Nxd6 Bxd6 30. Rxd6 Re8 31. Re4 Kg8 32. Kg2 Kf8 33. Rd2 Re6
34. f4 Rfe7 35. Rde2 Kf7 36. Rxe5 Rxe5 37. Rxe5 Rd7 38. Rd5 Re7 39. Kf3 Kf6 40.
Rd6+ Kf7 41. a4 Rc7 42. Rb6 Ke7 43. g4 Rd7 44. h4 Kd8 45. Ke4 Kc7 46. Rg6 1-0

[Event "Excelsior June op"]
[Site "Toronto CAN"]
[Date "2023.06.24"]
[Round "2.4"]
[White "Nagy, Gabor"]
[Black "Zhao, Jifan"]
[Result "1-0"]
[WhiteElo "2549"]
[BlackElo "1974"]
[PlyCount "47"]
[EventDate "2023.06.23"]
[EventType "swiss"]
[EventRounds "5"]
[EventCountry "CAN"]

1. c4 e6 2. Nf3 Nf6 3. Nc3 d5 4. d4 c6 5. g3 Be7 6. Bg2 Nbd7 7. Qd3 O-O 8. O-O
b6 9. b3 Bb7 10. Rd1 Rc8 11. Bb2 Qc7 12. Rac1 Qb8 13. h4 Rfd8 14. e4 Nc5 15.
dxc5 dxe4 16. Qe2 exf3 17. Qxf3 Bxc5 18. g4 Rxd1+ 19. Rxd1 Rd8 20. g5 Rxd1+ 21.
Qxd1 Ne8 22. Qd7 g6 23. Ne4 Bf8 24. Qxe8 1-0

[Event "Excelsior June op"]
[Site "Toronto CAN"]
[Date "2023.06.24"]
[Round "2.5"]
[White "Bordas, Gyula"]
[Black "Sambuev, Bator"]
[Result "0-1"]
[WhiteElo "2012"]
[BlackElo "2532"]
[PlyCount "46"]
[EventDate "2023.06.23"]
[EventType "swiss"]
[EventRounds "5"]
[EventCountry "CAN"]

1. e4 e5 2. Nf3 Nc6 3. Bb5 a6 4. Ba4 d6 5. c3 f5 6. d3 fxe4 7. dxe4 Nf6 8. Bg5
Be7 9. Nbd2 O-O 10. Bb3+ Kh8 11. h3 Na5 12. O-O Nxb3 13. Qxb3 Nh5 14. Be3 Qe8
15. Kh2 Qg6 16. Qc4 c6 17. Ng1 Be6 18. Qe2 d5 19. exd5 cxd5 20. g3 Bd6 21. Ndf3
e4 22. Ng5 Bd7 23. Rad1 Bb5 0-1

[Event "Excelsior June op"]
[Site "Toronto CAN"]
[Date "2023.06.24"]
[Round "2.6"]
[White "Mao, Fengxi"]
[Black "Singh Dhaliwal, Jaipreet"]
[Result "1-0"]
[WhiteElo "2280"]
[BlackElo "1936"]
[PlyCount "73"]
[EventDate "2023.06.23"]
[EventType "swiss"]
[EventRounds "5"]
[EventCountry "CAN"]

1. Nf3 Nf6 2. b3 g6 3. Bb2 Bg7 4. g3 O-O 5. Bg2 d6 6. d4 e5 7. dxe5 Ng4 8. Nc3
Nxe5 9. Nxe5 Bxe5 10. Qd2 Nd7 11. O-O-O a5 12. a4 Nc5 13. f4 Bg7 14. e4 Be6 15.
Qf2 Qe7 16. h4 Ra6 17. f5 Nxb3+ 18. cxb3 Bxb3 19. Nd5 Rc6+ 20. Kb1 Bxd5 21.
Rxd5 Rc4 22. f6 Qd7 23. fxg7 Re8 24. h5 Qg4 25. hxg6 Qxg6 26. Qf5 Rxa4 27. Rxh7
Qxh7 28. Qxh7+ Kxh7 29. Rh5+ Kg6 30. Rh8 f6 31. Rxe8 Kxg7 32. Re7+ Kg6 33. Bh3
Rb4 34. Bf5+ Kh6 35. Kc2 Rc4+ 36. Kd3 b5 37. Bxf6 1-0

[Event "Excelsior June op"]
[Site "Toronto CAN"]
[Date "2023.06.24"]
[Round "2.8"]
[White "Joseph, Jonath"]
[Black "Oancea, Nicolae"]
[Result "1-0"]
[WhiteElo "1939"]
[BlackElo "2164"]
[PlyCount "163"]
[EventDate "2023.06.23"]
[EventType "swiss"]
[EventRounds "5"]
[EventCountry "CAN"]

1. Nf3 d5 2. b3 Nf6 3. e3 Bg4 4. Bb2 Nbd7 5. d4 e6 6. Be2 Bd6 7. Nbd2 Qe7 8. a3
e5 9. dxe5 Nxe5 10. Nd4 O-O 11. h3 Bxe2 12. Qxe2 Qd7 13. N4f3 Rfe8 14. O-O Qf5
15. Nd4 Qg6 16. N2f3 c5 17. Nh4 Qh5 18. Qxh5 Nxh5 19. Ndf5 Bf8 20. f4 Nd7 21.
g4 Nhf6 22. Rfe1 Ne4 23. Kg2 g6 24. Ng3 Bg7 25. Bxg7 Kxg7 26. Rad1 Nb6 27. a4
a5 28. Nf3 Nxg3 29. Kxg3 Re7 30. g5 c4 31. Kf2 cxb3 32. cxb3 Rc8 33. Rc1 Rec7
34. Rxc7 Rxc7 35. Nd4 Nd7 36. Re2 Nc5 37. Rc2 b6 38. Ke2 h6 39. h4 hxg5 40.
hxg5 Rc8 41. Kf3 Rh8 42. Kg2 Rh4 43. Nf3 Rh8 44. Nd4 f6 45. gxf6+ Kxf6 46. Rf2
Re8 47. Kf3 Rh8 48. Kg2 Re8 49. Kf3 Rh8 50. Kg2 Ne6 51. Nxe6 Kxe6 52. Rc2 Kf5
53. Rc6 Rb8 54. Kf3 b5 55. Rc5 bxa4 56. bxa4 Rd8 57. Rxa5 Kf6 58. Ra6+ Kf5 59.
Ra5 Kf6 60. Kg4 d4 61. Ra6+ Kf7 62. exd4 Rxd4 63. Ra5 Rd1 64. Ra8 Rg1+ 65. Kf3
Rf1+ 66. Kg3 Rg1+ 67. Kf2 Ra1 68. a5 Ke6 69. a6 Kf5 70. a7 Ra2+ 71. Ke3 Ra3+
72. Kd2 Kg4 73. f5 Ra2+ 74. Kc3 Ra3+ 75. Kb2 Rxa7 76. Rxa7 Kxf5 77. Ra4 g5 78.
Kc2 g4 79. Kd2 Kg5 80. Ke2 Kh4 81. Kf2 Kh3 82. Ra8 1-0

[Event "Excelsior June op"]
[Site "Toronto CAN"]
[Date "2023.06.24"]
[Round "2.9"]
[White "Qian, Eric"]
[Black "Luger, Sam"]
[Result "0-1"]
[WhiteElo "2157"]
[BlackElo "2097"]
[PlyCount "71"]
[EventDate "2023.06.23"]
[EventType "swiss"]
[EventRounds "5"]
[EventCountry "CAN"]

1. Nf3 c5 2. c4 g6 3. Nc3 Bg7 4. g3 Nc6 5. Bg2 d6 6. O-O e6 7. b3 Nge7 8. Bb2
O-O 9. Rc1 b6 10. Qc2 Bb7 11. Rfd1 Qd7 12. Qb1 Rac8 13. Ne4 e5 14. d3 f5 15.
Nc3 Nd4 16. Nxd4 exd4 17. Bxb7 Qxb7 18. Nb5 Rcd8 19. Rf1 a6 20. Na3 f4 21. Nc2
Nf5 22. Rce1 Be5 23. Bc1 h5 24. Qb2 g5 25. Rd1 h4 26. g4 h3 27. f3 Ne3 28. Bxe3
fxe3 29. Ne1 Rf4 30. b4 Rdf8 31. Rb1 R8f6 32. a4 Rxg4+ 33. Kh1 Qh7 34. Rg1
Rxg1+ 35. Kxg1 Qf5 36. Kh1 0-1

[Event "Excelsior June op"]
[Site "Toronto CAN"]
[Date "2023.06.24"]
[Round "2.10"]
[White "Luger, John"]
[Black "Loadman, Ian"]
[Result "1-0"]
[WhiteElo "2064"]
[BlackElo "2152"]
[PlyCount "137"]
[EventDate "2023.06.23"]
[EventType "swiss"]
[EventRounds "5"]
[EventCountry "CAN"]

1. Nf3 Nf6 2. b3 g6 3. Bb2 Bg7 4. g3 d6 5. d4 O-O 6. Bg2 a5 7. O-O c6 8. c4 Bg4
9. Nfd2 Qc8 10. Re1 Na6 11. Qc1 Re8 12. Nc3 e5 13. d5 c5 14. a3 Bd7 15. e4 Bh6
16. Qc2 Nc7 17. a4 Rf8 18. Ne2 Nh5 19. Qc3 Na6 20. f3 Qd8 21. Bc1 Nb4 22. Ba3
f5 23. Rf1 Qe7 24. Rae1 Nf6 25. exf5 gxf5 26. Bxb4 axb4 27. Qb2 Bg7 28. Qb1 h5
29. Kh1 Bh6 30. f4 e4 31. Ng1 Rae8 32. Qd1 Qg7 33. Bh3 Kh8 34. Re3 Qg6 35. Ne2
Bg7 36. Rg1 Re7 37. Nf3 Nh7 38. Nh4 Qf7 39. Rf1 Rg8 40. Re1 Ree8 41. Rf1 Ref8
42. Rxe4 fxe4 43. Bxd7 Bf6 44. Be6 Qe8 45. Bxg8 Rxg8 46. Ng2 h4 47. Rg1 Qh5 48.
Rf1 Qh6 49. Qe1 hxg3 50. Nxg3 Bd4 51. Nxe4 Qg6 52. Qe2 Re8 53. f5 Qh6 54. Qf3
Be5 55. Nf4 Nf8 56. Ng3 Re7 57. Qh5 Bxf4 58. Rxf4 Qxh5 59. Nxh5 Re3 60. Rg4 Nh7
61. Rg3 Re5 62. Nf4 Rxf5 63. Ng6+ Kg7 64. Ne7+ Rg5 65. Rxg5+ Nxg5 66. Nf5+ Kf6
67. Nxd6 b6 68. Kg2 Ke5 69. h4 1-0

[Event "Excelsior June op"]
[Site "Toronto CAN"]
[Date "2023.06.24"]
[Round "2.11"]
[White "Henry, Liam"]
[Black "Lu, Tony"]
[Result "1-0"]
[WhiteElo "2221"]
[BlackElo "1999"]
[PlyCount "65"]
[EventDate "2023.06.23"]
[EventType "swiss"]
[EventRounds "5"]
[EventCountry "CAN"]

1. Nf3 d5 2. g3 Nf6 3. Bg2 Nc6 4. d4 Bf5 5. c4 e6 6. O-O Be7 7. Nc3 h5 8. Ne5
Nb8 9. Qb3 Nbd7 10. Nxd7 Qxd7 11. cxd5 exd5 12. Qxb7 O-O 13. Nxd5 Nxd5 14. Qxd5
Qxd5 15. Bxd5 Rad8 16. e4 Bh3 17. Rd1 Bg4 18. Rd3 Be2 19. Re3 Ba6 20. Rc3 Bf6
21. Be3 c6 22. Rxc6 Bb7 23. Rc5 Bxd5 24. exd5 Rd7 25. Rac1 Bd8 26. a4 Rb7 27.
R1c2 Be7 28. Rc7 Rfb8 29. Bf4 g5 30. Rxb7 Rxb7 31. Rc7 Rxc7 32. Bxc7 Kf8 33. d6
1-0

[Event "Excelsior June op"]
[Site "Toronto CAN"]
[Date "2023.06.24"]
[Round "2.12"]
[White "Laughlin, Braden"]
[Black "D'Agostino, Santo"]
[Result "1-0"]
[WhiteElo "2117"]
[BlackElo "1992"]
[PlyCount "65"]
[EventDate "2023.06.23"]
[EventType "swiss"]
[EventRounds "5"]
[EventCountry "CAN"]

1. e4 c5 2. Nf3 e6 3. d4 cxd4 4. Nxd4 Nf6 5. Nc3 d6 6. g4 Nc6 7. g5 Nd7 8. Be3
a6 9. Qd2 Qc7 10. f4 Nxd4 11. Bxd4 b5 12. O-O-O Bb7 13. Bg2 e5 14. Be3 Be7 15.
f5 Rc8 16. Qf2 f6 17. h4 O-O 18. Kb1 Rfd8 19. h5 b4 20. Na4 Nc5 21. Nxc5 dxc5
22. Rxd8+ Rxd8 23. gxf6 gxf6 24. Qe2 c4 25. Rg1 Kh8 26. Bf3 Rg8 27. Rxg8+ Kxg8
28. Qg2+ Kh8 29. Bh6 Bc5 30. Be2 Qd7 31. Bxc4 Qd1+ 32. Bc1 Qd8 33. Qg4 1-0

[Event "Excelsior June op"]
[Site "Toronto CAN"]
[Date "2023.06.24"]
[Round "2.13"]
[White "Ferreira, Alex"]
[Black "Chen, Richard"]
[Result "1-0"]
[WhiteElo "1988"]
[BlackElo "2090"]
[PlyCount "125"]
[EventDate "2023.06.23"]
[EventType "swiss"]
[EventRounds "5"]
[EventCountry "CAN"]

1. e4 e5 2. Nf3 Nc6 3. Bb5 a6 4. Bxc6 dxc6 5. O-O Bd6 6. h3 Nf6 7. d4 Be7 8.
Nxe5 Nxe4 9. Qd3 Nf6 10. Nd2 O-O 11. Ndf3 c5 12. dxc5 Bxc5 13. Bg5 Qxd3 14.
Nxd3 Bd6 15. Bxf6 gxf6 16. Rad1 c5 17. Nd2 Bf5 18. Nc4 Rad8 19. g4 Bxd3 20.
Rxd3 Bc7 21. Rfd1 b5 22. Ne3 Rxd3 23. Rxd3 Rd8 24. Nd5 c4 25. Nxf6+ Kg7 26.
Rxd8 Bxd8 27. Nh5+ Kh6 28. f4 Bb6+ 29. Kg2 Bd4 30. b3 cxb3 31. cxb3 a5 32. Ng3
Kg6 33. Kf3 Kf6 34. Ke4 Bb2 35. Nf5 a4 36. h4 Bc1 37. h5 axb3 38. axb3 b4 39.
Nd4 Bd2 40. Nf3 Bc1 41. Ng5 Kg7 42. Kf5 Bd2 43. h6+ Kg8 44. Ne4 Bc1 45. Nf6+
Kh8 46. Ke4 Bd2 47. Nd5 Kg8 48. Kd3 Be1 49. Ke3 Kh8 50. f5 Kg8 51. Ke2 Bh4 52.
Nxb4 Bg5 53. Kd3 Bxh6 54. Nd5 Bf8 55. b4 Kg7 56. Ke4 Bd6 57. b5 Kh6 58. Nf6 Kg5
59. Nxh7+ Kxg4 60. Nf6+ Kg5 61. Nd7 Kg4 62. b6 Kg5 63. b7 1-0

[Event "Excelsior June op"]
[Site "Toronto CAN"]
[Date "2023.06.24"]
[Round "2.14"]
[White "Kim, Noah"]
[Black "Zhong, Ryan Yunhui"]
[Result "1-0"]
[WhiteElo "1972"]
[BlackElo "2006"]
[PlyCount "83"]
[EventDate "2023.06.23"]
[EventType "swiss"]
[EventRounds "5"]
[EventCountry "CAN"]

1. Nf3 d5 2. d4 Nf6 3. c4 dxc4 4. e3 e6 5. Bxc4 a6 6. O-O b5 7. Bd3 Bb7 8. Qe2
c5 9. Rd1 Nbd7 10. a4 b4 11. a5 Qc7 12. Nbd2 Be7 13. Nc4 O-O 14. Bd2 Rac8 15.
Rac1 Qb8 16. Nce5 Qa8 17. Nc4 Rfd8 18. h3 h6 19. b3 Ne4 20. Be1 Nd6 21. dxc5
Nxc4 22. Bxc4 Bxc5 23. Rd2 Nf6 24. Rxd8+ Rxd8 25. Bxe6 fxe6 26. Rxc5 Nd7 27.
Rc1 Qb8 28. Nd4 Qd6 29. Qg4 Bd5 30. Qg3 Qf8 31. e4 e5 32. Nf5 Bxe4 33. Nxh6+
Kh8 34. Bxb4 Qf6 35. Nf7+ Qxf7 36. Qh4+ Kg8 37. Qxd8+ Nf8 38. Rc8 Qxb3 39.
Qxf8+ Kh7 40. Qh8+ Kg6 41. Qe8+ Kh6 42. Bd2+ 1-0

[Event "Excelsior June op"]
[Site "Toronto CAN"]
[Date "2023.06.24"]
[Round "3.3"]
[White "Mao, Fengxi"]
[Black "Luger, John"]
[Result "1-0"]
[WhiteElo "2280"]
[BlackElo "2064"]
[PlyCount "91"]
[EventDate "2023.06.23"]
[EventType "swiss"]
[EventRounds "5"]
[EventCountry "CAN"]

1. Nf3 Nf6 2. b3 c5 3. c4 Nc6 4. Bb2 g6 5. g3 Bg7 6. Bg2 O-O 7. O-O b6 8. d4
cxd4 9. Nxd4 Bb7 10. Nc3 a6 11. Qd2 Qc7 12. Nc2 Rac8 13. Ne3 Nb4 14. Ncd5 Nbxd5
15. cxd5 d6 16. Rac1 Qb8 17. Nc4 Ba8 18. e4 b5 19. Na5 b4 20. Rxc8 Rxc8 21. Rc1
Rd8 22. Rc4 Qb5 23. Qxb4 Qxb4 24. Rxb4 Nxd5 25. exd5 Bxb2 26. Rb6 e6 27. dxe6
fxe6 28. Bxa8 Rxa8 29. Rxd6 Kf7 30. Rd7+ Kf6 31. Nc4 Bc3 32. Rxh7 Rd8 33. Ra7
Rd1+ 34. Kg2 a5 35. Nxa5 Bd4 36. Rd7 Rd2 37. Kh3 e5 38. Nc6 Kf5 39. f4 g5 40.
fxg5 Ke4 41. Nxd4 exd4 42. g6 Rxa2 43. g7 Ra8 44. Kg4 Rg8 45. Kg5 d3 46. Kg6
1-0

[Event "Excelsior June op"]
[Site "Toronto CAN"]
[Date "2023.06.24"]
[Round "3.5"]
[White "Derraugh, Geordie"]
[Black "Joseph, Jonath"]
[Result "1/2-1/2"]
[WhiteElo "2275"]
[BlackElo "1939"]
[PlyCount "54"]
[EventDate "2023.06.23"]
[EventType "swiss"]
[EventRounds "5"]
[EventCountry "CAN"]

1. e4 e5 2. Bc4 Nf6 3. d3 Nc6 4. Nc3 Bc5 5. f4 O-O 6. Nf3 Ng4 7. Qe2 Bf2+ 8.
Kd1 Nd4 9. Nxd4 Bxd4 10. Qxg4 d5 11. Qg3 dxc4 12. fxe5 Qe7 13. Bf4 Be6 14. Bg5
f6 15. Bxf6 Rxf6 16. exf6 Qxf6 17. Ke2 Bxc3 18. bxc3 Qxc3 19. Rac1 Rf8 20. h3
c5 21. Rhd1 cxd3+ 22. cxd3 Qb2+ 23. Ke3 Qd4+ 24. Ke2 Qb2+ 25. Ke3 Qd4+ 26. Kd2
Rf2+ 27. Ke1 Rxa2 1/2-1/2

[Event "Excelsior June op"]
[Site "Toronto CAN"]
[Date "2023.06.24"]
[Round "3.8"]
[White "Zhao, Jifan"]
[Black "Laughlin, Braden"]
[Result "0-1"]
[WhiteElo "1974"]
[BlackElo "2117"]
[PlyCount "82"]
[EventDate "2023.06.23"]
[EventType "swiss"]
[EventRounds "5"]
[EventCountry "CAN"]

1. e4 c5 2. Nf3 d6 3. Bb5+ Bd7 4. Bxd7+ Nxd7 5. d4 cxd4 6. Qxd4 Ngf6 7. Nc3 g6
8. Bg5 Bg7 9. Rd1 O-O 10. h3 Qa5 11. Qe3 Rfe8 12. O-O Rac8 13. a3 Nb6 14. Qc1
Nc4 15. Nd5 Nxd5 16. Rxd5 Qc7 17. c3 Qb6 18. Bh6 Nxb2 19. Bxg7 Kxg7 20. Nd4 Nc4
21. Qg5 e6 22. Rb5 Qc7 23. h4 h6 24. Qg3 a6 25. Rb4 h5 26. f4 Nd2 27. Re1 Qxc3
28. Qxc3 Rxc3 29. Rxb7 e5 30. fxe5 dxe5 31. Re2 Rc1+ 32. Kf2 Rf1+ 33. Kg3 exd4
34. Rxd2 Rxe4 35. Rb4 Rg4+ 36. Kh2 Rxh4+ 37. Kg3 Rg4+ 38. Kh2 Ra1 39. a4 d3 40.
Rb7 Raxa4 41. g3 h4 0-1

[Event "Excelsior June op"]
[Site "Toronto CAN"]
[Date "2023.06.24"]
[Round "3.9"]
[White "Arabacioglu, Murat"]
[Black "Kim, Noah"]
[Result "0-1"]
[WhiteElo "2102"]
[BlackElo "1972"]
[PlyCount "92"]
[EventDate "2023.06.23"]
[EventType "swiss"]
[EventRounds "5"]
[EventCountry "CAN"]

1. c4 Nf6 2. Nc3 g6 3. g3 Bg7 4. Bg2 O-O 5. e4 d6 6. d3 c5 7. Nge2 Nc6 8. O-O
Rb8 9. Rb1 a6 10. a3 b5 11. cxb5 axb5 12. b4 cxb4 13. axb4 e5 14. h3 Be6 15.
Kh2 d5 16. Bg5 d4 17. Nd5 Ng4+ 18. hxg4 Qxg5 19. f3 Rfc8 20. Qc1 Qd8 21. Qd2
Bxd5 22. exd5 Ne7 23. f4 Nxd5 24. Bxd5 Qxd5 25. fxe5 Qxe5 26. Rbe1 Re8 27. Qa2
Qe6 28. Qxe6 Rxe6 29. Nf4 Rxe1 30. Rxe1 Bf8 31. Rb1 Ra8 32. Kg2 Ra3 33. Nd5
Rxd3 34. Nc7 Bd6 35. Nxb5 Be5 36. Kf2 Bxg3+ 37. Ke2 Re3+ 38. Kd2 Be5 39. Na7
Rg3 40. b5 Bf4+ 41. Ke2 Re3+ 42. Kf2 Bg3+ 43. Kg2 d3 44. Rd1 Be1 45. b6 d2 46.
Rb1 Rb3 0-1

[Event "Excelsior June op"]
[Site "Toronto CAN"]
[Date "2023.06.24"]
[Round "3.10"]
[White "Zhu, Charis"]
[Black "Bordas, Gyula"]
[Result "0-1"]
[WhiteElo "1906"]
[BlackElo "2012"]
[PlyCount "104"]
[EventDate "2023.06.23"]
[EventType "swiss"]
[EventRounds "5"]
[EventCountry "CAN"]

1. d4 e6 2. c4 c5 3. d5 exd5 4. cxd5 d6 5. Nc3 g6 6. e4 Bg7 7. Nf3 Nf6 8. Be2
O-O 9. O-O Re8 10. Nd2 Nbd7 11. f3 Ne5 12. Nc4 Nxc4 13. Bxc4 a6 14. a4 Nd7 15.
Be3 Ne5 16. Be2 f5 17. Qd2 b6 18. Rae1 Ra7 19. Bf4 Rf7 20. Bg5 Qd7 21. f4 Ng4
22. h3 Bd4+ 23. Kh1 Nf2+ 24. Kh2 Bxc3 25. Qxc3 Nxe4 26. Qc2 Nxg5 27. fxg5 Rfe7
28. Qd1 Re4 29. Bd3 Rxe1 30. Rxe1 Rxe1 31. Qxe1 Qxa4 32. Qe7 Qd7 33. Qxd7 Bxd7
34. Bxa6 b5 35. g4 fxg4 36. hxg4 Kf7 37. Kg3 Ke7 38. Kf4 Kd8 39. Bb7 Kc7 40.
Ba8 Kb8 41. Bc6 Bxc6 42. dxc6 Kc7 43. Ke4 Kxc6 44. b3 b4 45. Ke3 Kd5 46. Kd3
c4+ 47. bxc4+ Kc5 48. Kd2 Kxc4 49. Kc2 b3+ 50. Kb2 Kb4 51. Kb1 Kc3 52. Ka1 d5
0-1